|
|
|
|
| LEADER |
02140nam a2200553 a 4500 |
| 001 |
nkc20091857562 |
| 003 |
CZ PrNK |
| 005 |
20090507144301.0 |
| 007 |
ta |
| 008 |
090311s2008 xr a f 000 0 eng |
| 015 |
|
|
|a cnb001857562
|
| 020 |
|
|
|a 978-80-245-1491-8
|q (brož.)
|
| 035 |
|
|
|a (OCoLC)320227650
|
| 040 |
|
|
|a ABA001
|b cze
|
| 041 |
0 |
|
|a eng
|b cze
|
| 043 |
|
|
|a e------
|a e-xr---
|
| 072 |
|
7 |
|a 366
|x Ochrana spotřebitele. Chování spotřebitele
|2 Konspekt
|9 18
|
| 080 |
|
|
|a 366.5
|2 MRF
|
| 080 |
|
|
|a 37.0
|2 MRF
|
| 080 |
|
|
|a (4)
|2 MRF
|
| 080 |
|
|
|a (437.3)
|2 MRF
|
| 080 |
|
|
|a (048.8)
|2 MRF
|
| 100 |
1 |
|
|a Filipová, Alena,
|d 1965-
|7 ola2006345423
|4 aut
|
| 245 |
1 |
0 |
|a Role of education in consumer protection /
|c Alena Filipová, Jiří Zeman
|
| 260 |
|
|
|a Praha :
|b Oeconomica,
|c 2008
|
| 300 |
|
|
|a 26 s. :
|b il. ;
|c 25 cm
|
| 490 |
1 |
|
|a Faculty of International Relations Working papers,
|x 1802-6591 ;
|v vol. II, 24/2008
|
| 500 |
|
|
|a Na obálce název edice: Working papers Fakulty mezinárodních vztahů
|
| 504 |
|
|
|a Obsahuje bibliografii
|
| 546 |
|
|
|a České resumé
|
| 550 |
|
|
|a Vydavatel: Vysoká škola ekonomická v Praze
|
| 650 |
0 |
7 |
|a ochrana spotřebitele
|7 ph123665
|z země Evropské unie
|2 czenas
|
| 650 |
0 |
7 |
|a ochrana spotřebitele
|7 ph123665
|z Česko
|2 czenas
|
| 650 |
0 |
7 |
|a vzdělávání
|7 ph127311
|z země Evropské unie
|2 czenas
|
| 650 |
0 |
7 |
|a vzdělávání
|7 ph127311
|z Česko
|2 czenas
|
| 650 |
0 |
9 |
|a consumer protection
|z European Union countries
|2 eczenas
|
| 650 |
0 |
9 |
|a consumer protection
|z Czechia
|2 eczenas
|
| 650 |
0 |
9 |
|a education
|z European Union countries
|2 eczenas
|
| 650 |
0 |
9 |
|a education
|z Czechia
|2 eczenas
|
| 655 |
|
7 |
|a studie
|7 fd133597
|2 czenas
|
| 655 |
|
9 |
|a studies
|2 eczenas
|
| 700 |
1 |
|
|a Zeman, Jiří
|7 ola2006319188
|4 aut
|
| 710 |
2 |
|
|a Vysoká škola ekonomická v Praze
|7 kn20010709403
|
| 810 |
2 |
|
|a Vysoká škola ekonomická v Praze.
|b Fakulta mezinárodních vztahů.
|t Working papers
|0 s
|
| 910 |
2 |
|
|a BOA001
|b 3-1218.789
|
| 990 |
|
|
|a BK
|
| 995 |
|
|
|a 01
|
| 991 |
|
|
|b 200904
|c NOV
|
| 996 |
6 |
|
|b 2610372288
|c 3-1218.789
|l MZK
|r Sklad / do 1 hodiny
|n 3
|p p.v.
|w 000931069
|u 000010
|a 1
|e BOA001
|j MZK50
|s P
|